36 - 徳島県の自治体(Text) - Statistics

General Stats
  • This quiz has been taken 30 times
    8 since last reset
  • The average score is 17 of 24
Answers on the Map
Answers color-coded by a green-red scale on the quiz's map according to % correct below.
 
Answer Stats
市町村 % Correct
阿波あわ
100%
徳島とくしま
100%
鳴門なると
100%
三好みよし
100%
吉野川よしのがわ
100%
阿南あなん
86%
小松島こまつしま
86%
海部かいふぐん 牟岐むぎちょう
86%
板野いたのぐん 板野いたのちょう
71%
海部かいふぐん 海陽かいようちょう
71%
板野いたのぐん 上板かみいたちょう
71%
三好みよしぐん ひがしみよしちょう
71%
板野いたのぐん 松茂まつしげちょう
71%
美馬みま
71%
美馬みまぐん つるぎちょう
71%
板野いたのぐん 藍住あいずみちょう
57%
勝浦かつうらぐん 上勝かみかつちょう
57%
名西みょうざいぐん 神山かみやまちょう
57%
板野いたのぐん 北島きたじまちょう
57%
名東みょうどうぐん 佐那河内さなごうちそん
57%
那賀なかぐん 那賀なかちょう
57%
海部かいふぐん 美波みなみちょう
57%
勝浦かつうらぐん 勝浦かつうらちょう
43%
名西みょうざいぐん 石井いしいちょう
14%
No matching quizzes found
Score Distribution
Percent of People with Each Score
Percentile by Number Answered
Your Score History
You have not taken this quiz since the last reset